Statistics for Famous Catholics Quiz

Click here to take the quiz!

General Stats

  • This quiz has been taken 22,941 times
    (11,974 since last reset)
  • The average score is 14 of 20

Answer Stats

ClueCatholic% Correct
Current popeFrancis
93%
And the one before that ...John Paul II
91%
Kolkata nun canonized in 2016Mother Teresa
90%
Painted the Sistine ChapelMichelangelo
89%
Woman who fought for France and
was burned at the stake
Joan of Arc
87%
First Catholic U.S. PresidentJohn F. Kennedy
86%
Previous popeBenedict XVI
82%
Father of astronomy who was
persecuted by the Church
Galileo Galilei
81%
Queen who tried to restore
Catholicism to England
Mary I
79%
One of only two body builders to star
in "Predator" and also govern a U.S. state
Arnold
Schwarzenegger
78%
Italian poet who wrote
"The Divine Comedy"
Dante Alighieri
75%
"Passion of the Christ" directorMel Gibson
70%
British PM who converted in 2007Tony Blair
70%
Middle Earth inventorJ. R. R. Tolkien
69%
The only player to win three
FIFA World Cups
Pelé
69%
Gay Irish playwright who
converted on his deathbed
Oscar Wilde
54%
Latin American revolutionary who was
excommunicated in 1962
Fidel Castro
53%
"Utopia" author executed in the
reign of Henry VIII
Thomas More
46%
Pope who launched the First CrusadeUrban II
37%
13th century saint, considered to be the
church's greatest theologian
Thomas Aquinas
33%

Score Distribution

Percentile by Number Answered

Percent of People with Each Score

Your Score History

You have not taken this quiz since the last reset